| 000 | 00668nam a2200229 a 4500 | ||
|---|---|---|---|
| 001 | BRL_147 | ||
| 005 | 20190320210617.0 | ||
| 008 | 181012s1955----u--a######---#000-0#eng-# | ||
| 041 | _aeng | ||
| 044 | _au | ||
| 050 | 4 |
_aND653.B6 _b.H54 1955 |
|
| 245 | 1 | 0 |
_aHieronymus Bosch _b(about 1450-1516) _ctext by Lotte Brand Philip. |
| 260 |
_aEstados Unidos _bAbrams art book _c1955 |
||
| 300 |
_a5 p. _bil., 15 láminas _c38 cm. |
||
| 440 | 0 |
_a16 beautiful full color prints _923039 |
|
| 500 | _aAu173 | ||
| 600 | 1 | 4 |
_aBosch, Hieronymus _d1450-1516 _923040 |
| 650 | 1 | 4 |
_aPintores holandeses _923041 |
| 700 | 1 |
_aBrand Philip, Lotte _923042 |
|
| 902 | _aGRL | ||
| 942 |
_2lcc _cB |
||
| 999 |
_c8960 _d8960 |
||